Illustrated guide to chemical peels : (Record no. 21355)
[ view plain ]
| 000 -LEADER | |
|---|---|
| fixed length control field | 00996cam a22002775a 4500 |
| 001 - CONTROL NUMBER | |
| control field | 18479595 |
| 005 - DATE AND TIME OF LATEST TRANSACTION | |
| control field | 20160309133620.0 |
| 008 - FIXED-LENGTH DATA ELEMENTS--GENERAL INFORMATION | |
| fixed length control field | 150204t2014 enka frb 001 0 eng d |
| 015 ## - NATIONAL BIBLIOGRAPHY NUMBER | |
| National bibliography number | 14,A24 |
| Source | dnb |
| 020 ## - INTERNATIONAL STANDARD BOOK NUMBER | |
| International Standard Book Number | 9781850972525 (hbk.) |
| 020 ## - INTERNATIONAL STANDARD BOOK NUMBER | |
| International Standard Book Number | 1850972524 (hbk.) |
| 035 ## - SYSTEM CONTROL NUMBER | |
| System control number | (OCoLC)ocn870978432 |
| 040 ## - CATALOGING SOURCE | |
| Original cataloging agency | UKMGB |
| Language of cataloging | eng |
| Transcribing agency | UKMGB |
| Modifying agency | BTCTA |
| -- | GWDNB |
| -- | OCLCO |
| -- | VET |
| -- | UAB |
| -- | OCLCF |
| -- | YDXCP |
| -- | DLC |
| -- | EG-ScBUE |
| 082 04 - DEWEY DECIMAL CLASSIFICATION NUMBER | |
| Edition number | 22 |
| Classification number | 617.4770592 |
| Item number | ILL |
| 245 00 - TITLE STATEMENT | |
| Title | Illustrated guide to chemical peels : |
| Remainder of title | basics, indications, uses / |
| Statement of responsibility, etc | Mark G. Rubin ... [et al.] |
| 250 ## - EDITION STATEMENT | |
| Edition statement | Translated, rev., and extended 1st ed. |
| 260 ## - PUBLICATION, DISTRIBUTION, ETC. (IMPRINT) | |
| Place of publication, distribution, etc | Surrey : |
| Name of publisher, distributor, etc | Quintessence Publishing Group, |
| Date of publication, distribution, etc | c.2014. |
| 300 ## - PHYSICAL DESCRIPTION | |
| Extent | xiv, 261 p. : |
| Other physical details | ill. (chiefly col.) ; |
| Dimensions | 31 cm. |
| 490 0# - Series Statement | |
| Series statement | Aesthetic methods for skin rejuvenation series. |
| 500 ## - GENERAL NOTE | |
| General note | Index : p. 259-261. |
| 504 ## - BIBLIOGRAPHY, ETC. NOTE | |
| Bibliography, etc | Bibliography : p. 254-258. |
| 650 #7 - SUBJECT ADDED ENTRY--TOPICAL TERM | |
| Topical term or geographic name as entry element | Chemical peel. |
| Source of heading or term | BUEsh |
| 9 (RLIN) | 39511 |
| 653 ## - INDEX TERM--UNCONTROLLED | |
| Resource For college | |
| Arrived date list | March2016 |
| 700 1# - ADDED ENTRY--PERSONAL NAME | |
| Personal name | Rubin, Mark G. |
| 9 (RLIN) | 39508 |
| 942 ## - ADDED ENTRY ELEMENTS (KOHA) | |
| Source of classification or shelving scheme | Dewey Decimal Classification |
| Withdrawn status | Item status | Source of classification or shelving scheme | Damaged status | Not for loan | Vendor | Home library | Current library | Shelving location | Date acquired | Source of acquisition | Cost, normal purchase price | Serial Enumeration / chronology | Total Checkouts | Full call number | Barcode | Date last seen | Cost, replacement price | Koha item type |
|---|---|---|---|---|---|---|---|---|---|---|---|---|---|---|---|---|---|---|
| Dewey Decimal Classification | Central Library | Central Library | First floor | 09/03/2016 | Purchase | 1900.00 | 582 | 617.4770592 ILL | 000031918 | 15/07/2025 | 2375.00 | Book - Borrowing |